| 000 | 00344nam a2200133Ia 4500 | ||
|---|---|---|---|
| 008 | 191201s2005 xx 000 0 und d | ||
| 100 | _aKHANDPUR, R S | ||
| 245 | 0 | _aTrouble Shooting Electronic Equipment | |
| 250 | _a2nd | ||
| 260 |
_aN.Delhi _bTata Mc Graw Hill Pub. Co. Ltd _c2005 |
||
| 300 | _a422 | ||
| 650 | _aB.Tech(ECE) | ||
| 942 |
_2ddc _cBK |
||
| 999 |
_c1269 _d1269 |
||